Integrated Watershed Management In Rainfed Agriculture (Record no. 7922)

MARC details
000 -LEADER
fixed length control field 00846nam a22002297a 4500
003 - CONTROL NUMBER IDENTIFIER
control field OSt
005 - DATE AND TIME OF LATEST TRANSACTION
control field 20241017122858.0
008 - FIXED-LENGTH DATA ELEMENTS--GENERAL INFORMATION
fixed length control field 220802b ||||| |||| 00| 0 eng d
020 ## - INTERNATIONAL STANDARD BOOK NUMBER
International Standard Book Number 9780415882774
040 ## - CATALOGING SOURCE
Transcribing agency MUST
Original cataloging agency DDC
082 ## - DEWEY DECIMAL CLASSIFICATION NUMBER
Classification number 631.58 INT 2019
100 ## - MAIN ENTRY--PERSONAL NAME
Personal name Edited by Suhas P. Wani; Johan Rockström; K. L. Sahrawat
9 (RLIN) 16098
245 ## - TITLE STATEMENT
Title Integrated Watershed Management In Rainfed Agriculture
Statement of responsibility, etc. Edited by Suhas P. Wani; Johan Rockström; K. L. Sahrawat
260 ## - PUBLICATION, DISTRIBUTION, ETC. (IMPRINT)
Place of publication, distribution, etc. The Netherlands :
Name of publisher, distributor, etc. CRC Press/Balkema;
Date of publication, distribution, etc. ©2011
300 ## - PHYSICAL DESCRIPTION
Extent xxiii, 472P.:
Other physical details col, ill.,
Dimensions 26 cm
504 ## - BIBLIOGRAPHY, ETC. NOTE
Bibliography, etc Includes bibliographical references and index
650 ## - SUBJECT ADDED ENTRY--TOPICAL TERM
Topical term or geographic name as entry element Agriculture
9 (RLIN) 16099
650 ## - SUBJECT ADDED ENTRY--TOPICAL TERM
Topical term or geographic name as entry element Watershed management.
9 (RLIN) 16100
650 ## - SUBJECT ADDED ENTRY--TOPICAL TERM
Topical term or geographic name as entry element Dry farming -- Economic aspects
9 (RLIN) 16101
650 ## - SUBJECT ADDED ENTRY--TOPICAL TERM
Topical term or geographic name as entry element Agricultural productivity.
9 (RLIN) 16102
942 ## - ADDED ENTRY ELEMENTS (KOHA)
Source of classification or shelving scheme Dewey Decimal Classification
Koha item type Open Shelf
Holdings
Withdrawn status Lost status Source of classification or shelving scheme Damaged status Not for loan Home library Current library Source of acquisition Inventory number Total Checkouts Full call number Barcode Date last seen Koha item type
    Dewey Decimal Classification     MUST Main Library MUST Main Library Purchase 22/41974   631.5 INT 2011 2022-0725 02/08/2022 Open Shelf
    Dewey Decimal Classification     MUST Main Library MUST Main Library Purchase 24/42322   631.58 INT 2019 2024-22512 17/10/2024 Open Shelf